<?xml version="1.0" encoding="UTF-8"?>
<collection xmlns="http://www.loc.gov/MARC21/slim">
 <record>
  <leader>01438nam a2200217 a 4500</leader>
  <controlfield tag="001">1/54741</controlfield>
  <controlfield tag="008">211214s1996    gr a     b    100 | gre d</controlfield>
  <datafield tag="020" ind1=" " ind2=" ">
   <subfield code="a">9607094689</subfield>
  </datafield>
  <datafield tag="040" ind1=" " ind2=" ">
   <subfield code="a">GR-PeUP</subfield>
  </datafield>
  <datafield tag="082" ind1="0" ind2="0">
   <subfield code="a">914.952204 ΜΑΝ</subfield>
  </datafield>
  <datafield tag="111" ind1="2" ind2="4">
   <subfield code="a">Μάνη</subfield>
   <subfield code="d">(1993 :</subfield>
   <subfield code="c">Αρεόπολη)</subfield>
  </datafield>
  <datafield tag="245" ind1="1" ind2="0">
   <subfield code="a">Μάνη :</subfield>
   <subfield code="b">μαρτυρίες για το χώρο και την κοινωνία : περιηγητές και επιστημονικές αποστολές 15ος-19ος αι. : πρακτικά συμποσίου, Λιμένι Αρεόπολης, 4-7 Νοεμβρίου 1993 = Mani : témoignages sur l' espace et la société : voyageurs et expéditions scientifiques XVe-XIXe siècle : actes de colloque, Limeni, Aréopolis, 4-7 Novembre 1993 /</subfield>
   <subfield code="c">επιμέλεια Γιάννης Σαΐτας.</subfield>
  </datafield>
  <datafield tag="246" ind1="1" ind2="0">
   <subfield code="a">Mani :</subfield>
   <subfield code="b">témoignages sur l' espace et la société : voyageurs et expéditions scientifiques XVe-XIXe siècle : actes de colloque, Limeni, Aréopolis, 4-7 Novembre 1993.</subfield>
  </datafield>
  <datafield tag="260" ind1=" " ind2=" ">
   <subfield code="a">Αθήνα :</subfield>
   <subfield code="b">ΚΝΕ / ΕΙΕ,</subfield>
   <subfield code="c">1996.</subfield>
  </datafield>
  <datafield tag="300" ind1=" " ind2=" ">
   <subfield code="a">721 σ. :</subfield>
   <subfield code="b">εικ. ;</subfield>
   <subfield code="c">24 εκ.</subfield>
  </datafield>
  <datafield tag="504" ind1=" " ind2=" ">
   <subfield code="a">Περιέχει βιβλιογραφία.</subfield>
  </datafield>
  <datafield tag="651" ind1=" " ind2="0">
   <subfield code="a">Manē (Greece)</subfield>
   <subfield code="x">Description and travel</subfield>
   <subfield code="x">Congresses.</subfield>
  </datafield>
  <datafield tag="651" ind1=" " ind2="4">
   <subfield code="a">Μάνη</subfield>
   <subfield code="x">Περιγραφή και ταξίδια</subfield>
   <subfield code="x">Συνέδρια.</subfield>
  </datafield>
  <datafield tag="700" ind1="1" ind2=" ">
   <subfield code="a">Σαΐτας, Γιάννης,</subfield>
   <subfield code="d">1949-</subfield>
  </datafield>
  <datafield tag="852" ind1=" " ind2=" ">
   <subfield code="a">INST</subfield>
   <subfield code="b">UNIPILB</subfield>
   <subfield code="c">MAIN</subfield>
   <subfield code="e">20211214</subfield>
   <subfield code="h">914.952204 ΜΑΝ</subfield>
   <subfield code="p">00186632</subfield>
   <subfield code="q">00186632</subfield>
   <subfield code="t">LOAN</subfield>
   <subfield code="y">0</subfield>
   <subfield code="4">1</subfield>
  </datafield>
  <datafield tag="960" ind1=" " ind2=" ">
   <subfield code="a">ΜΑΡΙΑ ΒΕΛ</subfield>
  </datafield>
 </record>
</collection>
